[Event "62.HEM 2008, Gruppe D"]
[Site "Hanau"]
[Date "2008.03.21"]
[Round "1.1"]
[White "Libuda, Thomas"]
[Black "Milde, Dieter"]
[Result "1-0"]
[WhiteElo "1984"]
[BlackElo "1600"]
[PlyCount "73"]
[EventDate "2008.??.??"]

1. d4 Nf6 2. Nf3 e6 3. Nbd2 d5 4. e3 c5 5. c3 c4 6. b3 b5 7. a4 Qa5 8. Qc2 b4
9. bxc4 bxc3 10. Nb3 Qc7 11. c5 Ne4 12. Bd3 f5 13. Ne5 a6 14. f3 Nf6 15. Qxc3
Nbd7 16. Nxd7 Bxd7 17. Bd2 Be7 18. O-O O-O 19. Rfc1 Rfc8 20. Qc2 Bc6 21. Na5
Bd8 22. Rcb1 Qd7 23. Bc3 Bc7 24. Rb2 g5 25. Nxc6 Qxc6 26. a5 Qe8 27. Qe2 Qh5
28. g3 g4 29. f4 Ne4 30. Be1 Bd8 31. Bxa6 Rc7 32. Bd3 Rca7 33. a6 Bf6 34. Rab1
Nxc5 35. Rb8+ Rxb8 36. Rxb8+ Kg7 37. dxc5 1-0

[Event "62.HEM 2008, Gruppe D"]
[Site "Hanau"]
[Date "2008.03.21"]
[Round "1.2"]
[White "Leibold, Mathias"]
[Black "Graefe, Heiko"]
[Result "0-1"]
[WhiteElo "1597"]
[BlackElo "1936"]
[PlyCount "50"]
[EventDate "2008.??.??"]

1. e4 d6 2. Bc4 Nf6 3. Nc3 g6 4. d3 Bg7 5. Nge2 Nc6 6. a3 a6 7. Be3 e6 8. Bg5
h6 9. Bh4 g5 10. Bg3 Nh5 11. Qd2 Qe7 12. O-O-O Bd7 13. f4 Nxg3 14. hxg3 O-O-O
15. g4 Rdg8 16. f5 Ne5 17. fxe6 fxe6 18. Bb3 Nxg4 19. Ng3 Bd4 20. Rde1 Rf8 21.
Qe2 Ne5 22. Ref1 Rxf1+ 23. Rxf1 Rf8 24. Rxf8+ Qxf8 25. Nd1 Qf4+ 0-1

[Event "62.HEM 2008, Gruppe D"]
[Site "Hanau"]
[Date "2008.03.21"]
[Round "1.3"]
[White "Kuehn, Thomas"]
[Black "Taskor, Erkan"]
[Result "0-1"]
[WhiteElo "1926"]
[BlackElo "1597"]
[PlyCount "100"]
[EventDate "2008.??.??"]

1. f4 d5 2. Nf3 Qd6 3. e3 Nc6 4. Bb5 Bd7 5. b3 O-O-O 6. Bb2 f6 7. a4 Nh6 8. Nc3
Nf7 9. Bxc6 Bxc6 10. Nb5 Bxb5 11. axb5 Kb8 12. Bd4 b6 13. Ra6 c5 14. bxc6 Qxc6
15. Qa1 Rd7 16. O-O e6 17. Rc1 Rc7 18. Bb2 Bd6 19. c4 dxc4 20. Nd4 Qd7 21. bxc4
Rhc8 22. d3 Bc5 23. Kf2 Nd6 24. Nb3 Nf5 25. Nxc5 Rxc5 26. Bd4 R5c7 27. Bxb6 Rb7
28. Bxa7+ Rxa7 29. Rb1+ Ka8 30. Rbb6 Rcc7 31. Qa3 Rxa6 32. Rxa6+ Ra7 33. c5 Ne7
34. d4 Qb7 35. Rxa7+ Qxa7 36. Qb3 Qd7 37. Qa3+ Kb8 38. Qb3+ Kc8 39. Qb6 Nc6 40.
Qb1 f5 41. Qa2 Kd8 42. h3 h5 43. Kg3 Ke7 44. Kh4 g6 45. g4 hxg4 46. hxg4 Qd5
47. Qb1 Kf7 48. Qb7+ Ne7 49. Qb1 Qg2 50. Qd1 Kf6 0-1

[Event "62.HEM 2008, Gruppe D"]
[Site "Hanau"]
[Date "2008.03.21"]
[Round "1.4"]
[White "Will, Dominik"]
[Black "Blosze, Winfried"]
[Result "1/2-1/2"]
[WhiteElo "1585"]
[BlackElo "1906"]
[PlyCount "91"]
[EventDate "2008.??.??"]

1. c4 Nf6 2. Nc3 d5 3. cxd5 Nxd5 4. g3 e6 5. Bg2 Be7 6. d3 O-O 7. Qb3 c6 8. Nf3
Nd7 9. O-O Kh8 10. a3 Rb8 11. Qc2 b6 12. Nd4 Bb7 13. Nxd5 cxd5 14. b4 Rc8 15.
Qb3 Nf6 16. Bb2 Qd7 17. Rac1 Bd6 18. Nf3 Qe7 19. Be5 Bxe5 20. Nxe5 Nd7 21. Nxd7
Qxd7 22. Bh3 d4 23. Bg2 Bxg2 24. Kxg2 Rc7 25. Rxc7 Qxc7 26. Qc4 Qb7+ 27. Kg1 e5
28. Rc1 f6 29. b5 h6 30. Qc6 Qe7 31. a4 Qb4 32. Qc4 Qe7 33. Qc7 Rf7 34. Qxe7
Rxe7 35. Rc4 g5 36. g4 Kg7 37. Kg2 Kg6 38. Kf3 h5 39. h3 Rh7 40. Kg3 Rd7 41. f3
h4+ 42. Kf2 Kf7 43. Ke1 Ke7 44. Kd2 Rd5 45. Kc2 Kd7 46. Kb3 1/2-1/2

[Event "62.HEM 2008, Gruppe D"]
[Site "Hanau"]
[Date "2008.03.21"]
[Round "1.5"]
[White "Wilhelm, Holger"]
[Black "Brueckner, Ewald"]
[Result "1-0"]
[WhiteElo "1878"]
[BlackElo "1581"]
[PlyCount "100"]
[EventDate "2008.??.??"]

1. d4 b6 2. c4 Bb7 3. Nc3 e6 4. e4 d6 5. Nf3 Nd7 6. Bd3 e5 7. d5 Be7 8. Be3
Ngf6 9. h3 O-O 10. b4 a6 11. O-O h6 12. Rb1 Nh7 13. Qc1 Bc8 14. Ne2 Ng5 15.
Nxg5 Bxg5 16. f4 exf4 17. Bxf4 Ne5 18. Bxg5 Qxg5 19. Qxg5 hxg5 20. Rb3 a5 21.
b5 Re8 22. Ng3 g6 23. Rc3 Kg7 24. Kf2 Rh8 25. Be2 g4 26. hxg4 Bxg4 27. Rcc1 Rh2
28. Rh1 Rah8 29. Rxh2 Rxh2 30. Nf1 Bxe2 31. Nxh2 Nd3+ 32. Kxe2 Nxc1+ 33. Ke3
Nxa2 34. Nf3 Nb4 35. Kd2 f6 36. Kc3 f5 37. exf5 gxf5 38. Nd4 Kf6 39. Ne6 Ke5
40. Nxc7 Kf4 41. c5 dxc5 42. d6 Na2+ 43. Kc4 Nb4 44. d7 Nc2 45. d8=Q Ne3+ 46.
Kc3 Nxg2 47. Qd6+ Kf3 48. Qxb6 Kg3 49. Qxc5 f4 50. b6 f3 1-0

[Event "62.HEM 2008, Gruppe D"]
[Site "Hanau"]
[Date "2008.03.21"]
[Round "1.6"]
[White "Ahrend, Bodo"]
[Black "Minor, Dieter"]
[Result "1/2-1/2"]
[WhiteElo "1580"]
[BlackElo "1866"]
[PlyCount "160"]
[EventDate "2008.??.??"]

1. e4 e6 2. d4 d5 3. exd5 exd5 4. Nf3 Bd6 5. Bd3 Nf6 6. O-O O-O 7. c3 Bg4 8.
Bg5 Nbd7 9. Nbd2 h6 10. Bh4 c6 11. Qc2 Qc7 12. Bf5 Rae8 13. Rae1 b5 14. b4 a5
15. a3 axb4 16. axb4 Ra8 17. Bg3 Ra3 18. Bxd6 Qxd6 19. Bxg4 Nxg4 20. h3 Ngf6
21. Re3 Rfa8 22. Rfe1 Nb6 23. g3 Nc4 24. Nxc4 bxc4 25. Nd2 Ra2 26. Qd1 Rb2 27.
Kg2 Raa2 28. R1e2 Kf8 29. Nf3 Ne4 30. Ng1 g6 31. Rxb2 Rxb2 32. Ne2 Kg7 33. Qc1
Ra2 34. Qe1 Qd7 35. f3 Ng5 36. g4 Ne6 37. Qg3 Kh7 38. Qe5 Qe7 39. Kg3 Qc7 40.
Qxc7 Nxc7 41. Nf4 g5 42. Ne2 Ne6 43. f4 gxf4+ 44. Nxf4 Ng5 45. Ne2 Kg7 46. Kf4
Kf6 47. h4 Ne4 48. Kf3 Rc2 49. Kf4 Rd2 50. Kf3 Rd3 51. Kf4 Rxe3 52. Kxe3 Kg7
53. Kf4 Kf6 54. Kf3 Kg7 55. Kf4 Kf6 56. Ke3 Kg7 57. Kf3 Kf6 58. Kf4 Ke6 59. g5
h5 60. Kf3 Kf5 61. Nf4 Nxc3 62. Nxh5 Ne4 63. Nf4 Nd2+ 64. Ke3 Ne4 65. b5 cxb5
66. Nxd5 c3 67. Nb4 Nd6 68. Kf3 Nc4 69. d5 Na3 70. d6 Ke6 71. d7 Kxd7 72. h5
Ke7 73. Ke3 c2 74. Kd2 Kf8 75. Kc1 Kg7 76. Kb2 Nc4+ 77. Kxc2 Ne3+ 78. Kd3 Nf5
79. Ke4 Ng3+ 80. Kf4 Nxh5+ 1/2-1/2

[Event "62.HEM 2008, Gruppe D"]
[Site "Hanau"]
[Date "2008.03.21"]
[Round "1.7"]
[White "Schneider, Udo"]
[Black "Launert, Martin"]
[Result "1-0"]
[WhiteElo "1854"]
[BlackElo "1569"]
[PlyCount "77"]
[EventDate "2008.??.??"]

1. c4 Nf6 2. Nc3 g6 3. g3 Bg7 4. Bg2 c5 5. Nf3 O-O 6. O-O d6 7. e4 Nc6 8. d3 a6
9. Bg5 h6 10. Bd2 Rb8 11. a3 b5 12. Nd5 Kh7 13. Qc2 e6 14. Nxf6+ Bxf6 15. Bc3
Bd7 16. Rfe1 Bxc3 17. Qxc3 Qe7 18. Rad1 Rb6 19. d4 e5 20. dxc5 dxc5 21. cxb5
axb5 22. Rd5 c4 23. Nxe5 Nxe5 24. Rxe5 Be6 25. Bh3 Qf6 26. Bg2 Rd8 27. f4 Rd3
28. Qb4 g5 29. Rf1 Rb3 30. Qc5 Bd7 31. fxg5 Qg6 32. Qf8 Be6 33. Rxe6 Qxe6 34.
Rxf7+ Qxf7 35. Qxf7+ Kh8 36. Qf8+ Kh7 37. e5 Re3 38. Qc5 Rxe5 39. Qxb6 1-0

[Event "62.HEM 2008, Gruppe D"]
[Site "Hanau"]
[Date "2008.03.21"]
[Round "1.8"]
[White "Mueller, Klaus"]
[Black "Wesoly, Helge"]
[Result "0-1"]
[WhiteElo "1569"]
[BlackElo "1847"]
[PlyCount "98"]
[EventDate "2008.??.??"]

1. d4 d5 2. Nf3 e6 3. Bf4 Nf6 4. e3 c5 5. c3 Nc6 6. Be2 Bd6 7. Bg3 O-O 8. dxc5
Bxc5 9. Nbd2 Re8 10. Qc2 e5 11. O-O g6 12. Nb3 Bb6 13. Rfd1 Bf5 14. Qd2 Qe7 15.
Bh4 Rad8 16. Qe1 h6 17. Bb5 g5 18. Nxg5 hxg5 19. Bxg5 Rd6 20. f3 Qe6 21. c4
dxc4 22. Rxd6 Qxd6 23. Rd1 Qe6 24. Bxc4 Qxc4 25. Bxf6 Bg6 26. g4 Bd8 27. Rxd8
Rxd8 28. Nd2 Rxd2 29. Qxd2 Qd3 30. Qe1 Qb1 31. Qxb1 Bxb1 32. a3 Kh7 33. h4 Kg6
34. Bh8 f6 35. h5+ Kg5 36. Kf2 f5 37. Bxe5 Nxe5 38. f4+ Kxg4 39. fxe5 Kxh5 40.
Ke2 Kg6 41. Kd2 Kf7 42. Kc3 Ke6 43. Kd4 Be4 44. a4 Bc6 45. a5 Be4 46. b4 Bc6
47. b5 Bxb5 48. e4 f4 49. a6 Bxa6 0-1

[Event "62.HEM 2008, Gruppe D"]
[Site "Hanau"]
[Date "2008.03.21"]
[Round "1.9"]
[White "Ruell, Michael"]
[Black "Guth, Susanne"]
[Result "1-0"]
[WhiteElo "1840"]
[BlackElo "1568"]
[PlyCount "45"]
[EventDate "2008.??.??"]

1. e4 c6 2. d3 d5 3. Nd2 Nf6 4. Ngf3 Bg4 5. g3 e6 6. Bg2 Be7 7. O-O O-O 8. e5
Ne8 9. h3 Bxf3 10. Nxf3 Nd7 11. Re1 Rc8 12. h4 c5 13. Bh3 b5 14. Ng5 Rc6 15.
Qh5 h6 16. Kg2 Nc7 17. f4 Qe8 18. f5 exf5 19. Bxf5 Ne6 20. Nxe6 fxe6 21. Bg6
Qd8 22. Bxh6 gxh6 23. Qxh6 1-0

[Event "62.HEM 2008, Gruppe D"]
[Site "Hanau"]
[Date "2008.03.21"]
[Round "1.10"]
[White "Hofmann, Thomas"]
[Black "Kempf, Alexander"]
[Result "0-1"]
[WhiteElo "1567"]
[BlackElo "1829"]
[PlyCount "78"]
[EventDate "2008.??.??"]

1. e4 c5 2. Nf3 d6 3. d4 cxd4 4. Nxd4 Nf6 5. Nc3 a6 6. Be3 e6 7. f3 Nbd7 8. Qd2
Qc7 9. O-O-O b5 10. Kb1 Bb7 11. Ndxb5 axb5 12. Nxb5 Qa5 13. Nxd6+ Bxd6 14. Qxa5
Rxa5 15. Rxd6 Ke7 16. Rd2 Bc6 17. Be2 Rb8 18. Rhd1 Nc5 19. Bf4 Rb7 20. Bd6+ Ke8
21. Bxc5 Rxc5 22. Rd8+ Ke7 23. R8d6 Nd7 24. a3 Ne5 25. b4 Ba4 26. R6d2 Rc3 27.
Kb2 Rbc7 28. Rc1 Nd7 29. Bd3 Nb6 30. f4 Kf6 31. g4 e5 32. g5+ Ke6 33. f5+ Ke7
34. h4 f6 35. Rg2 Be8 36. gxf6+ Kxf6 37. Rcg1 Na4+ 38. Ka2 Bf7+ 39. Kb1 Rxa3
0-1

[Event "62.HEM 2008, Gruppe D"]
[Site "Hanau"]
[Date "2008.03.21"]
[Round "1.11"]
[White "Riha, Peter"]
[Black "Goldschmidt, Andreas"]
[Result "0-1"]
[WhiteElo "1827"]
[BlackElo "1563"]
[PlyCount "82"]
[EventDate "2008.??.??"]

1. d4 d5 2. c4 e6 3. Nc3 Nf6 4. Bg5 Be7 5. e3 O-O 6. Nf3 h6 7. Bh4 b6 8. Rc1 c5
9. Bxf6 Bxf6 10. cxd5 exd5 11. dxc5 Be6 12. cxb6 Qxb6 13. Qd2 Nd7 14. Be2 Rab8
15. Na4 Qb4 16. Qxb4 Rxb4 17. b3 Nb6 18. Nxb6 Rxb6 19. O-O a5 20. Nd4 Bxd4 21.
exd4 Rb4 22. Rfd1 a4 23. bxa4 Rxa4 24. Rd2 Rfa8 25. Ra1 Ra3 26. Bd1 Bd7 27. Bb3
Rxb3 28. Rc1 Rba3 29. Rcc2 Bb5 30. f3 Bc4 31. Rc1 Rxa2 32. Rxa2 Rxa2 33. Rd1 f5
34. f4 g5 35. fxg5 hxg5 36. h3 Kg7 37. Kh2 f4 38. Kg1 Kg6 39. Kh1 Kh5 40. Kg1
Kh4 41. Rc1 Rd2 0-1

[Event "62.HEM 2008, Gruppe D"]
[Site "Hanau"]
[Date "2008.03.21"]
[Round "1.12"]
[White "Geidel, Sven"]
[Black "Zarges, Peter"]
[Result "1/2-1/2"]
[WhiteElo "1561"]
[BlackElo "1796"]
[PlyCount "56"]
[EventDate "2008.??.??"]

1. d4 f5 2. Nf3 Nf6 3. g3 e6 4. Bg2 Be7 5. O-O O-O 6. Nbd2 d6 7. Re1 Nbd7 8. e4
fxe4 9. Nxe4 Nxe4 10. Rxe4 Nf6 11. Re1 c6 12. c3 Bd7 13. Qc2 Re8 14. Ng5 Qc8
15. Ne4 e5 16. Nxf6+ Bxf6 17. Be4 h6 18. dxe5 Rxe5 19. Bf4 Re6 20. Bh7+ Kh8 21.
Rxe6 Bxe6 22. Bxd6 Qd7 23. Bc5 Rd8 24. Be4 Bh3 25. Be3 a6 26. Bf3 Bf5 27. Qb3
Be6 28. Qc2 Bf5 1/2-1/2

[Event "62.HEM 2008, Gruppe D"]
[Site "Hanau"]
[Date "2008.03.21"]
[Round "1.13"]
[White "Rondio, Thomas"]
[Black "Boldt, Kai-Ulrich"]
[Result "1-0"]
[WhiteElo "1696"]
[BlackElo "1558"]
[PlyCount "75"]
[EventDate "2008.??.??"]

1. e4 c5 2. Nf3 d6 3. d4 cxd4 4. Nxd4 Nf6 5. Nc3 a6 6. Bg5 e6 7. f4 Be7 8. Qf3
Nc6 9. Nxc6 bxc6 10. Bxf6 gxf6 11. O-O-O Qc7 12. g3 Rb8 13. Rd3 Bb7 14. Qg4 Bf8
15. Bg2 c5 16. f5 Bc8 17. Qf4 h5 18. Kb1 c4 19. Rdd1 Qa5 20. Qd2 Rb6 21. Ne2
Qb5 22. Qc3 e5 23. Rd5 Qb4 24. Qxb4 Rxb4 25. Rhd1 Bb7 26. R5d2 Rb6 27. Nc3 Be7
28. Nd5 Rc6 29. Nxe7 Kxe7 30. c3 Rb6 31. Re1 a5 32. Bf1 Rc6 33. Rd5 a4 34. Ra5
Ra6 35. Rb5 Bc6 36. Rb4 a3 37. Bxc4 axb2 38. Bxa6 1-0

[Event "62.HEM 2008, Gruppe D"]
[Site "Hanau"]
[Date "2008.03.21"]
[Round "1.14"]
[White "Cimen, Merih"]
[Black "Kellerwessel, Ralf"]
[Result "0-1"]
[WhiteElo "1556"]
[BlackElo "1693"]
[PlyCount "50"]
[EventDate "2008.??.??"]

1. e4 e5 2. Nf3 Nc6 3. d4 exd4 4. Nxd4 Qh4 5. Nb5 Bb4+ 6. Bd2 Qxe4+ 7. Qe2
Qxe2+ 8. Bxe2 Kd8 9. O-O a6 10. Bc3 Bxc3 11. N5xc3 Nf6 12. Bc4 Nd4 13. Nd2 Ne6
14. Nde4 Nxe4 15. Nxe4 f5 16. Bxe6 dxe6 17. Rad1+ Ke7 18. Ng3 Bd7 19. Rfe1 g6
20. h4 Rad8 21. Re5 Kf6 22. Rc5 Bc6 23. Re1 Rd6 24. Rce5 b6 25. Ne2 Kxe5 0-1

[Event "62.HEM 2008, Gruppe D"]
[Site "Hanau"]
[Date "2008.03.21"]
[Round "1.15"]
[White "Will, Patrick"]
[Black "Riedl, Janis"]
[Result "1-0"]
[WhiteElo "1679"]
[BlackElo "1543"]
[PlyCount "73"]
[EventDate "2008.??.??"]

1. d4 Nf6 2. Bf4 d5 3. e3 Bf5 4. Nf3 e6 5. c3 Nh5 6. Bg3 Nxg3 7. hxg3 Bd6 8.
Nbd2 h6 9. Qb3 b6 10. c4 c6 11. Rc1 Nd7 12. cxd5 cxd5 13. Bb5 O-O 14. O-O Qe7
15. Rc3 Rfc8 16. Rfc1 Rxc3 17. Rxc3 Nf6 18. Rc6 g5 19. Qa4 Kg7 20. Rxb6 axb6
21. Qxa8 Ne4 22. Nxe4 dxe4 23. Nd2 h5 24. Nxe4 h4 25. Nxd6 Qxd6 26. gxh4 gxh4
27. Qa3 Qd5 28. Bf1 Qe4 29. Qd6 Qb1 30. Qe5+ Kg6 31. Qb5 Qc1 32. Kh2 f6 33. Bd3
Qc7+ 34. f4 Qg7 35. Bxf5+ exf5 36. Qe2 Kh6 37. Qf3 1-0

[Event "62.HEM 2008, Gruppe D"]
[Site "Hanau"]
[Date "2008.03.21"]
[Round "1.16"]
[White "Bluhm, Sonja Maria"]
[Black "Gottlieb, Herbert"]
[Result "0-1"]
[WhiteElo "1540"]
[BlackElo "1678"]
[PlyCount "64"]
[EventDate "2008.??.??"]

1. e4 e5 2. Nf3 d6 3. d4 exd4 4. Nxd4 Nf6 5. Nc3 Be7 6. Bd3 O-O 7. O-O Re8 8.
Bf4 Nbd7 9. Nb3 Ne5 10. Bxe5 dxe5 11. Bc4 Bb4 12. Qxd8 Rxd8 13. Nd5 Nxd5 14.
Bxd5 c6 15. Bc4 b5 16. Bd3 Be6 17. Nc1 a6 18. a3 Be7 19. b4 a5 20. bxa5 Rxa5
21. Ne2 Rxa3 22. Rxa3 Bxa3 23. Ra1 b4 24. Ng3 c5 25. Nf5 c4 26. Be2 Rd2 27. Bd1
b3 28. Ne3 b2 29. Rb1 c3 30. Nd5 Bxd5 31. exd5 Rxd5 32. Kf1 Ra5 0-1

[Event "62.HEM 2008, Gruppe D"]
[Site "Hanau"]
[Date "2008.03.21"]
[Round "1.17"]
[White "Staggat, Rolf"]
[Black "Mainka, Walter"]
[Result "1-0"]
[WhiteElo "1661"]
[BlackElo "1540"]
[PlyCount "67"]
[EventDate "2008.??.??"]

1. e4 c5 2. Nf3 Nc6 3. d4 cxd4 4. Nxd4 e6 5. Nc3 a6 6. Be3 Bb4 7. Qd2 Nf6 8. f3
O-O 9. O-O-O d5 10. a3 Be7 11. exd5 exd5 12. Bd3 Be6 13. Rhe1 Re8 14. Bf2 Nxd4
15. Bxd4 Rc8 16. Kb1 b5 17. Ne2 Nd7 18. Ng3 Bg5 19. f4 Bh6 20. Qf2 f6 21. Nf5
Nf8 22. Nxh6+ gxh6 23. Qh4 Kg7 24. Re3 Nd7 25. Rg3+ Kh8 26. Re1 Bf7 27. Rxe8+
Bxe8 28. Qxh6 Qe7 29. Bxh7 Qe1+ 30. Ka2 Qxg3 31. Bf5+ Kg8 32. hxg3 Rc7 33. Be6+
Bf7 34. Qg6+ 1-0

[Event "62.HEM 2008, Gruppe D"]
[Site "Hanau"]
[Date "2008.03.21"]
[Round "1.18"]
[White "Georgi, Florian"]
[Black "Lauer, David"]
[Result "0-1"]
[WhiteElo "1533"]
[BlackElo "1655"]
[PlyCount "118"]
[EventDate "2008.??.??"]

1. e4 c5 2. c3 d5 3. exd5 Qxd5 4. Nf3 Bg4 5. Be2 Nf6 6. h3 Bh5 7. d4 e6 8. O-O
Nc6 9. dxc5 Bxc5 10. Bf4 O-O 11. c4 Qf5 12. Bh2 Rfd8 13. Qb3 Bxf3 14. Qxf3 Qc2
15. Nc3 Nd4 16. Qd3 Nxe2+ 17. Qxe2 Rd2 18. Qf3 Rad8 19. Rac1 Bxf2+ 20. Kh1 Qxb2
21. Rb1 Qc2 22. Rxb7 Bd4 23. Nb5 Qxc4 24. Nxd4 Qxd4 25. Bg1 Qc4 26. Rxa7 Rxa2
27. Rxa2 Qxa2 28. Bc5 Qd5 29. Qf2 h6 30. Be7 Rd7 31. Bxf6 gxf6 32. Qxf6 Qg5 33.
Qc3 Rd2 34. Qc8+ Kg7 35. Qb7 Qg6 36. Qf3 Rd3 37. Qb7 Rd5 38. Qb2+ Kh7 39. Qb1
Qxb1 40. Rxb1 Kg6 41. Kh2 Rd3 42. Rb5 f6 43. Kg1 Rd2 44. Kh2 Rf2 45. Kg3 Rf5
46. Rb4 e5 47. Rc4 Rf1 48. Rg4+ Kh7 49. Re4 h5 50. Kh4 Kg6 51. g4 hxg4 52. hxg4
Rh1+ 53. Kg3 Kg5 54. Kg2 Rd1 55. Kg3 Rd4 56. Rxd4 exd4 57. Kf3 d3 58. Ke3 Kxg4
59. Kxd3 Kf3 0-1

[Event "62.HEM 2008, Gruppe D"]
[Site "Hanau"]
[Date "2008.03.21"]
[Round "1.19"]
[White "Falkenhainer, Sven"]
[Black "Hahn, Florian"]
[Result "1/2-1/2"]
[WhiteElo "1654"]
[BlackElo "1530"]
[PlyCount "90"]
[EventDate "2008.??.??"]

1. Nf3 c5 2. e4 d6 3. g3 Nf6 4. Nc3 g6 5. Bg2 Bg7 6. O-O O-O 7. d3 Nc6 8. Bg5
e6 9. Qd2 a6 10. Bh6 Qc7 11. Bxg7 Kxg7 12. Nh4 Nd4 13. f4 Qb6 14. b3 c4 15. Kh1
cxd3 16. Qxd3 Ng4 17. Rad1 Nxc2 18. Qxc2 Ne3 19. Qd3 Nxf1 20. Bxf1 Qc7 21. f5
b5 22. Bg2 Bb7 23. Rf1 Rac8 24. f6+ Kh8 25. Rc1 b4 26. Ne2 Qd8 27. Rxc8 Bxc8
28. Qd4 e5 29. Qxb4 Qxf6 30. Kg1 Rd8 31. Nc3 Qg5 32. Nf3 Qe3+ 33. Kf1 Qd3+ 34.
Ke1 Qe3+ 35. Ne2 Bg4 36. Nfg1 Rc8 37. Qd2 Qc5 38. Bh3 Bxh3 39. Nxh3 Qc6 40. Nf2
Kg7 41. g4 Qc5 42. h4 Rc6 43. h5 Qc2 44. h6+ Kf6 45. g5+ Ke7 1/2-1/2

[Event "62.HEM 2008, Gruppe D"]
[Site "Hanau"]
[Date "2008.03.21"]
[Round "1.20"]
[White "Traut, Stefan"]
[Black "Medvedovski, Michael"]
[Result "0-1"]
[WhiteElo "1526"]
[BlackElo "1648"]
[PlyCount "94"]
[EventDate "2008.??.??"]

1. d4 d5 2. Nf3 c5 3. c3 Nc6 4. Bf4 Bf5 5. e3 e6 6. Bd3 Bxd3 7. Qxd3 Nf6 8. h3
Be7 9. O-O O-O 10. Nbd2 Nh5 11. Bh2 f5 12. dxc5 Bxc5 13. Nd4 Qe7 14. N2f3 Bd6
15. Nxc6 bxc6 16. Bxd6 Qxd6 17. Rac1 e5 18. Nh2 f4 19. Rfd1 Rad8 20. Rd2 e4 21.
Qe2 Qg6 22. Kh1 Qf5 23. exf4 Nxf4 24. Qg4 Qf6 25. Re1 Nd3 26. Ree2 h5 27. Qg3
Rde8 28. Qe3 Nf4 29. Re1 Re7 30. Qd4 Qg5 31. Rg1 Nd3 32. Re2 c5 33. Qe3 Qxe3
34. fxe3 Nf2+ 35. Rxf2 Rxf2 36. Rd1 Rd7 37. Rb1 d4 38. cxd4 cxd4 39. exd4 Rxd4
40. Nf1 Rb4 41. b3 Rxa2 42. Ng3 h4 43. Nf5 Ra3 44. Nxh4 Rbxb3 45. Rxb3 Rxb3 46.
Kg1 a5 47. Kf2 a4 0-1

[Event "62.HEM 2008, Gruppe D"]
[Site "Hanau"]
[Date "2008.03.21"]
[Round "1.21"]
[White "Hoellwarth, Kai"]
[Black "Kohlmeyer, Klaus"]
[Result "0-1"]
[WhiteElo "1645"]
[BlackElo "1525"]
[PlyCount "64"]
[EventDate "2008.??.??"]

1. Nf3 d5 2. Rg1 Nf6 3. d4 c5 4. Bf4 Nc6 5. Nc3 e6 6. g4 Qb6 7. Na4 Qa5+ 8. c3
cxd4 9. b4 Nxb4 10. cxb4 Bxb4+ 11. Bd2 Bxd2+ 12. Nxd2 Ne4 13. Nb2 Bd7 14. Bg2
Nc3 15. Qc2 Rc8 16. Qb3 Qa6 17. Bf1 Bb5 18. Nd3 Bc4 19. Qb2 O-O 20. Nxc4 dxc4
21. Ne5 Qa5 22. Nf3 Ne4+ 23. Kd1 Nxf2+ 24. Kc1 c3 25. Qb3 Rc4 26. a3 Rfc8 27.
Rg2 Ne4 28. e3 Nd2 29. Nxd2 cxd2+ 30. Kb2 Rc2+ 31. Qxc2 Rxc2+ 32. Kxc2 Qc3+ 0-1

[Event "62.HEM 2008, Gruppe D"]
[Site "Hanau"]
[Date "2008.03.21"]
[Round "1.22"]
[White "Schmitt, Clemens"]
[Black "Jordake, Michael"]
[Result "0-1"]
[WhiteElo "1523"]
[BlackElo "1640"]
[PlyCount "82"]
[EventDate "2008.??.??"]

1. e4 e5 2. Nf3 Nc6 3. Bc4 Nf6 4. d3 Bc5 5. O-O d5 6. exd5 Nxd5 7. Bg5 Qd6 8.
d4 exd4 9. Re1+ Be6 10. c3 O-O 11. Nxd4 Nxd4 12. cxd4 Bb6 13. Nd2 Rae8 14. Qf3
Nb4 15. Ne4 Qxd4 16. Bxe6 fxe6 17. Qe2 Qd3 18. Qxd3 Nxd3 19. Re2 e5 20. g3 Re6
21. Rd1 Nb4 22. a3 Nc6 23. Nc3 Nd4 24. Rxd4 Bxd4 25. Nb5 Bb6 26. Nc3 h6 27. Bd2
Ref6 28. Ne4 Rc6 29. Bc3 Bd4 30. Bb4 Rf7 31. Kg2 b6 32. Be1 Rc1 33. Bc3 g5 34.
Rd2 c5 35. Kh3 Kh7 36. Kg2 g4 37. Nd6 Bxc3 38. bxc3 Rd7 39. c4 e4 40. Nxe4 Rxd2
41. Nxd2 a5 0-1

[Event "62.HEM 2008, Gruppe D"]
[Site "Hanau"]
[Date "2008.03.21"]
[Round "1.23"]
[White "Reichel, Guenther"]
[Black "Ackermann, Robert"]
[Result "1-0"]
[WhiteElo "1635"]
[BlackElo "1521"]
[PlyCount "139"]
[EventDate "2008.??.??"]

1. c4 b6 2. Nc3 Nf6 3. Nf3 Bb7 4. g3 e6 5. Bg2 Be7 6. O-O O-O 7. b3 c5 8. Bb2
Nc6 9. Re1 d5 10. cxd5 exd5 11. e3 Rb8 12. Rc1 Re8 13. d4 Ne4 14. dxc5 Nxc3 15.
Bxc3 Bxc5 16. Nd4 Nxd4 17. Bxd4 Bxd4 18. Qxd4 Re7 19. Red1 Rd7 20. Rd2 Qe7 21.
Rdc2 Rbd8 22. Bh3 h6 23. Qf4 g5 24. Qd4 f6 25. Bxd7 Rxd7 26. b4 Kg7 27. a3 Qd6
28. h4 Ba6 29. Rc6 Qe7 30. h5 Bc4 31. Qc3 b5 32. Qc2 Qf7 33. g4 Re7 34. Qf5 Re5
35. Qc8 Re7 36. Qf5 Re5 37. Qc8 Re7 38. Qb8 Rb7 39. Qa8 Qd7 40. Qc8 Qxc8 41.
Rxc8 Rf7 42. Kg2 f5 43. gxf5 Rxf5 44. Rc7+ Rf7 45. Rxf7+ Kxf7 46. Kg3 Kf6 47.
f4 Kf5 48. fxg5 Kxg5 49. Rg1 Kxh5 50. Kf4 Bd3 51. Rg7 Kh4 52. Rg2 Kh3 53. Rg1
Kh2 54. Rg7 h5 55. Kg5 Kg3 56. Kxh5+ Kf3 57. Re7 a6 58. Kg5 Be4 59. Re6 Kxe3
60. Rxa6 Bc2 61. Re6+ Kd3 62. Kf4 d4 63. Re5 Ba4 64. Kf3 Kc3 65. Ke2 d3+ 66.
Ke3 Bc2 67. Rxb5 Kb3 68. Rh5 Bb1 69. Kd2 Bc2 70. b5 1-0

[Event "62.HEM 2008, Gruppe D"]
[Site "Hanau"]
[Date "2008.03.21"]
[Round "1.24"]
[White "Bachmann, Nick"]
[Black "Abel, Fabian"]
[Result "0-1"]
[WhiteElo "1520"]
[BlackElo "1633"]
[PlyCount "140"]
[EventDate "2008.??.??"]

1. e4 c5 2. c3 d6 3. d4 cxd4 4. cxd4 g6 5. Nc3 Bg7 6. Nf3 Nc6 7. Be3 Nf6 8. Bb5
Bd7 9. O-O O-O 10. d5 Nb4 11. Bxd7 Nxd7 12. a3 Na6 13. Rc1 b6 14. b4 Nc7 15.
Nd4 Ne5 16. Qe2 Qd7 17. h3 f5 18. exf5 gxf5 19. f4 Ng6 20. Rfd1 e5 21. dxe6
Nxe6 22. g3 Rac8 23. Nxe6 Qxe6 24. Bd4 Bxd4+ 25. Rxd4 Qf6 26. Qd2 Rfd8 27. Rd1
Ne7 28. Nb5 Qg7 29. Kf2 d5 30. Nc3 Qh6 31. h4 Qc6 32. Nxd5 Nxd5 33. Rxd5 Re8
34. Rd7 Qe4 35. Qd5+ Qxd5 36. R1xd5 Rc2+ 37. Rd2 Rc3 38. R7d3 Rc1 39. Rd8 Kf8
40. Rxe8+ Kxe8 41. Ke3 Rg1 42. Re2 Kf7 43. Kf2 Rc1 44. Kf3 Rf1+ 45. Kg2 Rc1 46.
Re3 Kf6 47. Kf3 h5 48. Ke2 b5 49. Kd3 Rd1+ 50. Kc3 Rd8 51. Re5 a6 52. Rc5 Rd6
53. Kb3 Ke6 54. a4 Rd3+ 55. Rc3 bxa4+ 56. Kc2 Rxc3+ 57. Kxc3 Kd5 58. Kb2 Kc4
59. Ka3 Kb5 60. g4 fxg4 61. f5 g3 62. f6 g2 63. f7 g1=Q 64. f8=Q Qe3+ 65. Kb2
Qd2+ 66. Kb1 Qxb4+ 67. Qxb4+ Kxb4 68. Ka2 a3 69. Kb1 Kc4 70. Ka2 Kd4 0-1

[Event "62.HEM 2008, Gruppe D"]
[Site "Hanau"]
[Date "2008.03.21"]
[Round "1.25"]
[White "Wuerker, Gert"]
[Black "Voellinger, Florian"]
[Result "1/2-1/2"]
[WhiteElo "1628"]
[BlackElo "1516"]
[PlyCount "68"]
[EventDate "2008.??.??"]

1. Nf3 d5 2. c4 e6 3. b3 Nf6 4. g3 Nbd7 5. Bg2 Be7 6. O-O O-O 7. Bb2 b6 8. d3
Bb7 9. Re1 c5 10. e3 Re8 11. Nbd2 Rc8 12. e4 d4 13. e5 Ng4 14. h3 Nh6 15. Ne4
Qc7 16. Bc1 Nf5 17. g4 Nh4 18. Nxh4 Bxh4 19. Nd6 Bxg2 20. Kxg2 Nxe5 21. Nxe8
Qc6+ 22. Re4 Rxe8 23. Kg1 f6 24. Qe2 Nf7 25. Bd2 Ng5 26. Bxg5 Bxg5 27. Re1 Kf7
28. f4 Bh4 29. Rf1 Kg8 30. Qf3 Qd7 31. Kh1 a5 32. a4 h6 33. Qe2 Qc6 34. Qf3 Qd7
1/2-1/2

[Event "62.HEM 2008, Gruppe D"]
[Site "Hanau"]
[Date "2008.03.21"]
[Round "1.26"]
[White "Begeluri, Nino"]
[Black "Sohl, Thies"]
[Result "0-1"]
[WhiteElo "1515"]
[BlackElo "1620"]
[PlyCount "56"]
[EventDate "2008.??.??"]

1. e4 e6 2. d4 d5 3. e5 c5 4. c3 Nc6 5. Nf3 Qb6 6. Be2 Nge7 7. b3 Nf5 8. Bb2
cxd4 9. cxd4 Bb4+ 10. Kf1 Bd7 11. Nc3 Ncxd4 12. Nxd4 Qxd4 13. Qxd4 Nxd4 14.
Nxd5 Nxe2 15. Nc7+ Kd8 16. Nxa8 Bb5 17. a3 Bd2 18. g3 Nd4+ 19. Kg2 Bc6+ 20. Kh3
Bxh1 21. Bxd4 Bf3 22. Ra2 Bg5 23. Bxa7 Be7 24. Nb6 g5 25. g4 h5 26. gxh5 Rxh5+
27. Kg3 g4 28. h3 Bh4+ 0-1